Otázka unifikácie odbornej terminológie v oblasti obchodu

Problematika odbornej terminológie a uvedenie niektorých dôvodov pre jej unifikáciu. Vymenovanie niektorých problémov, ktoré s týmto procesom súvisia.

Gespeichert in:
Bibliographische Detailangaben
1. Verfasser: Feilerová, Michala
Format: Buchkapitel
Sprache:Slowakisch
Schlagworte:
Tags: Tag hinzufügen
Keine Tags, Fügen Sie das erste Tag hinzu!

MARC

LEADER 00000naa$a2200000$$$4500
001 0039434
005 20221207085643.8
041 0 |a slo 
044 |a SK 
245 1 0 |a Otázka unifikácie odbornej terminológie v oblasti obchodu  |c Michala Feilerová 
520 |a Problematika odbornej terminológie a uvedenie niektorých dôvodov pre jej unifikáciu. Vymenovanie niektorých problémov, ktoré s týmto procesom súvisia. 
610 2 0 |a terminológia 
610 2 0 |a obchod 
610 2 0 |a pojmy 
610 2 0 |a unifikácia 
610 2 0 |a prekladatelia 
100 1 |a Feilerová, Michala